|
|
|
|
| LEADER |
01761nam a2200409 i 4500 |
| 001 |
EBC6727580 |
| 003 |
MiAaPQ |
| 005 |
20220617191948.0 |
| 006 |
m o d | |
| 007 |
cr cnu|||||||| |
| 008 |
220617s2022 enk o 000 0 eng d |
| 020 |
|
|
|z 9780367344580
|q (print)
|
| 020 |
|
|
|a 9781000473308
|q (electronic bk.)
|
| 035 |
|
|
|a (MiAaPQ)EBC6727580
|
| 035 |
|
|
|a (Au-PeEL)EBL6727580
|
| 035 |
|
|
|a (OCoLC)1276857983
|
| 040 |
|
|
|a MiAaPQ
|b eng
|e rda
|e pn
|c MiAaPQ
|d MiAaPQ
|
| 043 |
|
|
|a f------
|
| 050 |
|
4 |
|a KQC51
|b .G463 2022
|
| 082 |
0 |
|
|a 347.6014082
|2 23
|
| 245 |
0 |
0 |
|a Gender, judging, and the courts in Africa :
|b selected studies /
|c edited by J. Jarpa Dawuni.
|
| 264 |
|
1 |
|a Abingdon, Oxon ;
|a New York, New York :
|b Routledge,
|c [2022]
|
| 264 |
|
4 |
|c Ã2022
|
| 300 |
|
|
|a 1 online resource (347 pages).
|
| 336 |
|
|
|a text
|b txt
|2 rdacontent
|
| 337 |
|
|
|a computer
|b c
|2 rdamedia
|
| 338 |
|
|
|a online resource
|b cr
|2 rdacarrier
|
| 490 |
1 |
|
|a Routledge Studies on Gender and Sexuality in Africa
|
| 588 |
|
|
|a Description based on print version record.
|
| 590 |
|
|
|a Electronic reproduction. Ann Arbor, MI : ProQuest, 2018. Available via World Wide Web. Access may be limited to ProQuest affiliated libraries.
|
| 650 |
|
0 |
|a Women judges
|z Africa.
|
| 655 |
|
4 |
|a Electronic books.
|
| 700 |
1 |
|
|a Dawuni, J. Jarpa,
|e editor.
|
| 776 |
0 |
8 |
|i Print version:
|t Gender, judging, and the courts in Africa : selected studies.
|d Abingdon, Oxon ; New York, New York : Routledge, c2022
|h 347 pages
|k Routledge studies on gender and sexuality in Africa.
|z 9780367344580
|
| 797 |
2 |
|
|a ProQuest (Firm)
|
| 830 |
|
0 |
|a Routledge studies on gender and sexuality in Africa.
|
| 856 |
4 |
0 |
|u https://ebookcentral.proquest.com/lib/matrademy/detail.action?docID=6727580
|z Click to View
|